| 000 | 00624nam a2200253 a 4500 | ||
|---|---|---|---|
| 001 | 34238 | ||
| 003 | AR-BaAGN | ||
| 005 | 20231116150307.0 | ||
| 007 | ta | ||
| 008 | 220625s2009 ag |||||r|||| ||||||spa d | ||
| 020 | _a978-950-24-1224-5 | ||
| 040 |
_dAR-BaAGN _aAR-BaAGN _bspa _eaacr |
||
| 100 | 1 | _aDabbene, Roberto | |
| 245 | 1 | 0 | _aUn viaje a la Tierra del Fuego |
| 250 | _a1ª ed. | ||
| 260 |
_aBuenos Aires : _bAlbatros, _c2009. |
||
| 300 | _a256 páginas | ||
| 336 |
_2rdacontent _btxt |
||
| 337 |
_2rdamedia _bn |
||
| 338 |
_2rdacarrier _bnc |
||
| 942 | _cLIBRO | ||
| 999 |
_c34238 _d34238 |
||